| 000 -LEADER |
| fixed length control field |
00632cas a2200205Ii 4500 |
| 020 ## - INTERNATIONAL STANDARD BOOK NUMBER |
| ISBN |
9789211207170 |
| 022 ## - INTERNATIONAL STANDARD SERIAL NUMBER |
| ISSN |
02525704 |
| 040 ## - CATALOGING SOURCE |
| Transcribing agency |
CUY |
| 082 ## - DEWEY DECIMAL CLASSIFICATION NUMBER |
| Classification number |
ESC ASI 2016 C336 Or. |
| 245 00 - TITLE STATEMENT |
| Title |
Asia-Pacific countries with special needs development report 2016 |
| 300 ## - PHYSICAL DESCRIPTION |
| Number of Pages |
volumes : |
| Other physical details |
illustrations (some color) ; |
| Dimensions |
27-28 cm |
| 500 ## - GENERAL NOTE |
| General note |
Issues also have thematic titles |
| 500 ## - GENERAL NOTE |
| General note |
"Sales No. E.15.II.F..." |
| 650 #0 - SUBJECT ADDED ENTRY--TOPICAL TERM |
| Topical Term |
Sustainable development |
| 650 #0 - SUBJECT ADDED ENTRY--TOPICAL TERM |
| Topical Term |
Sustainable development |
| 650 #0 - SUBJECT ADDED ENTRY--TOPICAL TERM |
| Topical Term |
Economic development projects |
| 650 #0 - SUBJECT ADDED ENTRY--TOPICAL TERM |
| Topical Term |
Economic development projects |
| 710 2# - ADDED ENTRY--CORPORATE NAME |
| Corporate name or jurisdiction name as entry element |
United Nations. |
| 942 ## - ADDED ENTRY ELEMENTS (KOHA) |
| Koha item type |
ADB |
| 952 ## - LOCATION AND ITEM INFORMATION (KOHA) |
| Withdrawn status [LOCAL, KOHA] |
0 |